00569nam a2200181Ia 4500008004000000082001600040100002300056245003000079250000500109260006200114300001200176650001700188690001200205700002200217906001100239999001700250952012000267210210b1980 xxu||||| |||| 00| 0 eng d a591.33 PATF aPATTEN (Bradley M) aFoundations of embryology a aNew DelhibTata McGraw-Hill Publishing Company Ltd.c1980 axix,650 aEmbryology  aZoology aCarlson (Bruce M) a035611 c86015d86015 001040708BiologyaALbALcBiologyd2021-02-17g0.00l0o591.33 PATFp035611r2021-02-17 00:00:00w2021-02-17yBK